000 00416nam a2200157 4500
001 143735
003 ES-MaACL
005 20230906200855.0
007 t|
008 070214s1960 sp r ||||1| spa d
100 1 _aSeverini, Luigi.
_9105921
245 1 0 _aPinceladas /
_cLuigi Severini.
260 _aBarcelona :
_bHerder,
_c1960 (
_fCondal)
300 _a156 p. ;
_c19 cm.
852 _aES-MaACL
_jC-18276
_bR.46410
999 _c143735
_d143735